00217 a2200085 450000500170000002000180001710000180003524500470005326000310010020260219123003.0 a9798893650068 aBYRCE CARROLL aEnvironmental economics and sustainability bMurphy & Moore, USAc2025,